000 00583nam a2200181 i 4500
001 112300
003 ES-MaACL
005 20230906185512.0
007 t|
008 061121s1947 sp af |||| | spa d
100 1 _aOrtega Galindo, Julio.
_987457
245 1 3 _aLa España primitiva a través de las monedas ibéricas /
_cJulio Ortega Galindo.
260 _aBilbao :
_bArtes Gráficas Grijelmo,
_c1947.
300 _a119 p., I-XXX lám. :
_bil. ;
_c22 cm.
650 4 _aMonedas ibéricas.
_9166460
650 0 4 _aMonedas antiguas-
_zEspaña.
_915162
852 _aES-MaACL
_j1892-F-7
999 _c112300
_d112300